Kraje Europejskie które wybierają polacy na wakacje w XXl wieku - Statystyki

Ogólne statystyki
  • Ten quiz został rozwiązany 123 razy
  • Średni wynik to 16 z 18
Statystyki odpowiedzi
Kraje % Poprawnych
Hiszpania
97%
Włochy
97%
Niemcy
96%
Francja
95%
Grecja
95%
Chorwacja
93%
Turcja
92%
Portugalia
91%
Bułgaria
87%
Czechy
86%
Słowacja
86%
Albania
85%
Cypr
84%
Malta
81%
Węgry
79%
Austria
78%
Czarnogóra
75%
Szwajcaria
74%
Nie znaleziono quizów pasujących do podanych kryteriów
Rozkład punktacji
Procent ludzi z każdym wynikiem
Percentyl według liczby udzielonych odpowiedzi
Twoja historia wyników
Nie rozwiązałeś tego quizu